000
00333nam a22001457a 4500
008
210312b ||||| |||| 00| 0 eng d
020
_a
9780324569490
041
_a
eng
080
_2
8th
_a
311
082
_a
311
100
_a
55
101
_a
STA
245
_a
Statistics for Management and Economics
_c
Keller, G
942
_2
udc
_c
BK
999
_c
56468
_d
56468